[Event "Greek Team Championship"]
[Site "chess24.com"]
[Date "2017.07.04"]
[Round "2"]
[White "Poulopoulos, Ioannis"]
[Black "Mihopoulos, Konstantinos"]
[Result "1/2-1/2"]
[Board "4"]
[WhiteElo "2252"]
[WhiteCountry "GRE"]
[WhiteFideId "4218078"]
[WhiteEloChange "-6"]
[BlackElo "2028"]
[BlackCountry "GRE"]
[BlackFideId "4217110"]
[BlackEloChange "6"]

1. c4 {[%clk 1:30:45]} g6 {[%clk 1:30:02]} 2. g3 {[%clk 1:29:38]} Bg7 {[%clk
1:27:42]} 3. Bg2 {[%clk 1:29:58]} e5 {[%clk 1:26:17]} 4. Nc3 {[%clk 1:29:50]} Ne7
{[%clk 1:26:07]} 5. e3 {[%clk 1:29:20]} O-O {[%clk 1:24:54]} 6. Nge2 {[%clk
1:29:25]} d6 {[%clk 1:24:03]} 7. O-O {[%clk 1:29:02]} Nd7 {[%clk 1:18:20]} 8. Rb1
{[%clk 1:18:18]} a5 {[%clk 1:16:39]} 9. a3 {[%clk 1:16:13]} Nb6 {[%clk 1:12:37]}
10. d3 {[%clk 1:13:13]} a4 {[%clk 1:12:49]} 11. e4 {[%clk 1:07:22]} Nc6 {[%clk
1:09:01]} 12. Be3 {[%clk 1:03:39]} Nd4 {[%clk 1:07:26]} 13. f4 {[%clk 0:51:35]}
c6 {[%clk 1:02:49]} 14. fxe5 {[%clk 0:44:05]} dxe5 {[%clk 1:02:55]} 15. Bxd4
{[%clk 0:40:20]} exd4 {[%clk 1:02:54]} 16. Na2 {[%clk 0:40:47]} Nd7 {[%clk
0:56:04]} 17. Nac1 {[%clk 0:37:43]} Nc5 {[%clk 0:53:19]} 18. Kh1 {[%clk 0:34:22]}
f5 {[%clk 0:47:32]} 19. b4 {[%clk 0:34:12]} axb3 {[%clk 0:44:08]} 20. Nxb3 {[%clk
0:34:35]} Na4 {[%clk 0:44:34]} 21. Qc2 {[%clk 0:31:17]} fxe4 {[%clk 0:39:48]} 22.
Bxe4 {[%clk 0:29:59]} Nc3 {[%clk 0:37:33]} 23. Nxc3 {[%clk 0:25:16]} dxc3 {[%clk
0:37:56]} 24. d4 {[%clk 0:21:26]} Bh3 {[%clk 0:35:11]} 25. Rfe1 {[%clk 0:17:07]}
Rxa3 {[%clk 0:33:52]} 26. Qxc3 {[%clk 0:13:15]} Rf2 {[%clk 0:33:09]} 27. Ra1
{[%clk 0:12:48]} Qf8 {[%clk 0:32:36]} 28. Qd3 {[%clk 0:12:50]} Qb4 {[%clk
0:29:11]} 29. Qe3 {[%clk 0:12:31]} Rb2 {[%clk 0:27:34]} 30. Rxa3 {[%clk 0:06:29]}
Qxa3 {[%clk 0:28:00]} 31. Ra1 {[%clk 0:06:42]} Qb4 {[%clk 0:18:19]} 32. Nc5
{[%clk 0:02:29]} Bf8 {[%clk 0:13:42]} 33. Ra8 {[%clk 0:01:39]} Qd2 {[%clk
0:08:16]} 34. Qxd2 {[%clk 0:01:24]} Rxd2 {[%clk 0:08:43]} 35. Kg1 {[%clk
0:00:57]} Rxd4 {[%clk 0:08:49]} 36. Bf3 {[%clk 0:01:00]} Rxc4 {[%clk 0:07:56]}
37. Nxb7 {[%clk 0:01:23]} Kg7 {[%clk 0:07:47]} 38. Kf2 {[%clk 0:01:21]} Bb4
{[%clk 0:07:12]} 39. Nd8 {[%clk 0:01:05]} Bc5+ {[%clk 0:06:55]} 40. Ke2 {[%clk
0:30:58]} Rc2+ {[%clk 0:36:49]} 41. Kd3 {[%clk 0:29:19]} Rxh2 {[%clk 0:35:33]}
42. Nxc6 {[%clk 0:28:40]} h5 {[%clk 0:34:09]} 43. Rb8 {[%clk 0:25:03]} Bd6 {[%clk
0:33:09]} 44. Rb7+ {[%clk 0:24:47]} Kf6 {[%clk 0:33:26]} 45. Nd4 {[%clk 0:24:12]}
Bxg3 {[%clk 0:33:04]} 46. Rb6+ {[%clk 0:24:18]} Kg5 {[%clk 0:31:56]} 47. Be4
{[%clk 0:23:36]} Bf5 {[%clk 0:28:45]} 48. Bxf5 {[%clk 0:21:14]} gxf5 {[%clk
0:28:27]} 49. Nf3+ {[%clk 0:21:37]} Kg4 {[%clk 0:28:40]} 50. Nxh2+ {[%clk
0:21:57]} Bxh2 {[%clk 0:29:04]} 51. Ke2 {[%clk 0:22:12]} f4 {[%clk 0:25:35]} 52.
Kf2 {[%clk 0:20:05]} Bg3+ {[%clk 0:25:51]} 53. Kg2 {[%clk 0:19:42]} f3+ {[%clk
0:25:39]} 54. Kh1 {[%clk 0:19:59]} Bf4 {[%clk 0:24:38]} 1/2-1/2

[Event "Greek Team Championship"]
[Site "chess24.com"]
[Date "2017.07.04"]
[Round "2"]
[White "Fragkou, Eleni"]
[Black "Lubbe, Melanie"]
[Result "1-0"]
[Board "5"]
[WhiteElo "1974"]
[WhiteCountry "GRE"]
[WhiteFideId "4221150"]
[WhiteEloChange "17"]
[BlackElo "2278"]
[BlackTitle "WGM"]
[BlackCountry "GER"]
[BlackFideId "4690745"]
[BlackEloChange "-17"]

1. e4 {[%clk 1:30:51]} c5 {[%clk 1:30:57]} 2. Nf3 {[%clk 1:31:02]} d6 {[%clk
1:31:15]} 3. d4 {[%clk 1:31:07]} cxd4 {[%clk 1:31:41]} 4. Nxd4 {[%clk 1:31:25]}
Nf6 {[%clk 1:32:07]} 5. Nc3 {[%clk 1:31:43]} Nc6 {[%clk 1:32:32]} 6. Bg5 {[%clk
1:31:28]} e6 {[%clk 1:31:55]} 7. Qd3 {[%clk 1:30:51]} Qb6 {[%clk 1:23:32]} 8. Nb3
{[%clk 1:26:01]} Be7 {[%clk 1:22:21]} 9. O-O-O {[%clk 1:14:28]} O-O {[%clk
1:11:37]} 10. Qg3 {[%clk 1:09:35]} Kh8 {[%clk 1:08:21]} 11. Be2 {[%clk 1:08:03]}
a6 {[%clk 1:02:11]} 12. h4 {[%clk 1:06:31]} Qc7 {[%clk 0:37:51]} 13. h5 {[%clk
0:59:04]} Rd8 {[%clk 0:31:48]} 14. h6 {[%clk 0:55:38]} g6 {[%clk 0:32:14]} 15.
Kb1 {[%clk 0:31:04]} Kg8 {[%clk 0:30:41]} 16. f4 {[%clk 0:26:19]} b5 {[%clk
0:24:54]} 17. Bf3 {[%clk 0:13:43]} Bb7 {[%clk 0:25:06]} 18. Rhe1 {[%clk 0:07:21]}
b4 {[%clk 0:21:13]} 19. Nd5 {[%clk 0:04:21]} Nxd5 {[%clk 0:09:10]} 20. exd5
{[%clk 0:04:42]} Na7 {[%clk 0:08:54]} 21. dxe6 {[%clk 0:04:08]} f6 {[%clk
0:08:37]} 22. Bh4 {[%clk 0:03:08]} Nb5 {[%clk 0:08:23]} 23. Nd4 {[%clk 0:01:24]}
Nxd4 {[%clk 0:07:14]} 24. Rxd4 {[%clk 0:01:49]} Rac8 {[%clk 0:07:24]} 25. Re2
{[%clk 0:01:21]} Qc5 {[%clk 0:05:57]} 26. Red2 {[%clk 0:01:24]} Bc6 {[%clk
0:05:11]} 27. Bxc6 {[%clk 0:00:39]} Rxc6 {[%clk 0:05:21]} 28. Rd5 {[%clk
0:00:53]} Qc4 {[%clk 0:05:32]} 29. R5d4 {[%clk 0:00:33]} Qb5 {[%clk 0:03:33]} 30.
Qe1 {[%clk 0:00:34]} Qf5 {[%clk 0:02:14]} 31. Qe4 {[%clk 0:00:35]} Qxe4 {[%clk
0:02:04]} 32. Rxe4 {[%clk 0:01:00]} d5 {[%clk 0:02:21]} 33. Re1 {[%clk 0:00:35]}
Rc4 {[%clk 0:02:00]} 34. Bg3 {[%clk 0:00:32]} Kf8 {[%clk 0:01:27]} 35. b3 {[%clk
0:00:41]} Rc3 {[%clk 0:01:42]} 36. Bf2 {[%clk 0:01:05]} Ke8 {[%clk 0:01:33]} 37.
Bd4 {[%clk 0:00:43]} Rc6 {[%clk 0:01:55]} 38. g4 {[%clk 0:01:02]} f5 {[%clk
0:00:43]} 39. gxf5 {[%clk 0:01:02]} gxf5 {[%clk 0:01:12]} 40. Rg2 {[%clk
0:31:04]} Bf8 {[%clk 0:30:43]} 41. Bf6 {[%clk 0:24:56]} Rdc8 {[%clk 0:21:31]} 42.
Rg8 {[%clk 0:22:49]} Rxe6 {[%clk 0:21:15]} 43. Rxe6+ {[%clk 0:23:10]} Kf7 {[%clk
0:21:45]} 44. Rxf8+ {[%clk 0:23:24]} 1-0

[Event "Greek Team Championship"]
[Site "chess24.com"]
[Date "2017.07.04"]
[Round "2"]
[White "Kratimenou, Georgia"]
[Black "Kouta, Vasiliki"]
[Result "1-0"]
[Board "6"]
[WhiteElo "1203"]
[WhiteCountry "GRE"]
[WhiteFideId "25821717"]
[WhiteEloChange "16"]
[BlackElo "1422"]
[BlackCountry "GRE"]
[BlackFideId "4241576"]
[BlackEloChange "-16"]

1. e4 {[%clk 1:30:30]} e6 {[%clk 1:30:30]} 2. d4 {[%clk 1:30:30]} d5 {[%clk
1:30:30]} 3. Nc3 {[%clk 1:30:30]} Bb4 {[%clk 1:30:30]} 4. exd5 {[%clk 1:30:30]}
exd5 {[%clk 1:30:30]} 5. Bd3 {[%clk 1:30:30]} c6 {[%clk 1:30:30]} 6. Ne2 {[%clk
1:30:30]} Ne7 {[%clk 1:30:30]} 7. O-O {[%clk 1:30:30]} Bf5 {[%clk 1:30:30]} 8.
Ng3 {[%clk 1:30:30]} Bxd3 {[%clk 1:30:30]} 9. Qxd3 {[%clk 1:30:30]} O-O {[%clk
1:30:30]} 10. a3 {[%clk 1:30:30]} Bd6 {[%clk 1:30:30]} 11. Nf5 {[%clk 1:30:30]}
Nxf5 {[%clk 1:30:30]} 12. Qxf5 {[%clk 1:30:30]} Qc7 {[%clk 1:30:30]} 13. h3
{[%clk 1:30:30]} Nd7 {[%clk 1:30:30]} 14. Bd2 {[%clk 1:30:30]} Nf6 {[%clk
1:30:30]} 15. Rfe1 {[%clk 1:30:30]} Qb6 {[%clk 1:30:30]} 16. Qd3 {[%clk 1:30:30]}
h6 {[%clk 1:30:30]} 17. Na4 {[%clk 1:30:30]} Qc7 {[%clk 1:30:30]} 18. Nc5 {[%clk
1:30:30]} Rfe8 {[%clk 1:30:30]} 19. Be3 {[%clk 1:30:30]} Ne4 {[%clk 1:30:30]} 20.
Nxe4 {[%clk 1:30:30]} dxe4 {[%clk 1:30:30]} 21. Qc3 {[%clk 1:30:30]} Re6 {[%clk
1:30:30]} 22. Rad1 {[%clk 1:30:30]} Qe7 {[%clk 1:30:30]} 23. d5 {[%clk 1:30:30]}
Be5 {[%clk 1:30:30]} 24. Qb3 {[%clk 1:30:30]} cxd5 {[%clk 1:30:30]} 25. Rxd5
{[%clk 1:30:30]} Kh8 {[%clk 1:30:30]} 26. Red1 {[%clk 1:30:30]} Rd6 {[%clk
1:30:30]} 27. Bc5 {[%clk 1:30:30]} Rxd5 {[%clk 1:30:30]} 28. Rxd5 {[%clk
1:30:30]} Qg5 {[%clk 1:30:30]} 29. Be3 {[%clk 1:30:30]} Qe7 {[%clk 1:30:30]} 30.
Bc5 {[%clk 1:30:30]} Qc7 {[%clk 1:30:30]} 31. Bb4 {[%clk 1:30:30]} Rd8 {[%clk
1:30:30]} 32. Rxd8+ {[%clk 1:30:30]} Qxd8 {[%clk 1:30:30]} 33. g3 {[%clk
1:30:30]} Qf6 {[%clk 1:30:30]} 34. Bc3 {[%clk 1:30:30]} Bxc3 {[%clk 1:30:30]} 35.
Qxc3 {[%clk 1:30:30]} Qxc3 {[%clk 1:30:30]} 36. bxc3 {[%clk 1:30:30]} Kg8 {[%clk
1:30:30]} 37. Kf1 {[%clk 1:30:30]} f5 {[%clk 1:30:30]} 38. Ke2 {[%clk 1:30:30]}
Kf7 {[%clk 1:30:30]} 39. Ke3 {[%clk 1:30:30]} Ke6 {[%clk 1:30:30]} 40. h4 {[%clk
1:30:30]} g5 {[%clk 1:30:30]} 41. hxg5 {[%clk 1:30:30]} hxg5 {[%clk 1:30:30]} 42.
Kd4 {[%clk 1:30:30]} Kd6 {[%clk 1:30:30]} 43. c4 {[%clk 1:30:30]} b6 {[%clk
1:30:30]} 44. c3 {[%clk 1:30:30]} a6 {[%clk 1:30:30]} 45. g4 {[%clk 1:30:30]}
fxg4 {[%clk 1:30:30]} 46. Kxe4 {[%clk 1:30:30]} Ke6 {[%clk 1:30:30]} 47. a4
{[%clk 1:30:30]} a5 {[%clk 1:30:30]} 48. c5 {[%clk 1:30:30]} bxc5 {[%clk
1:30:30]} 49. c4 {[%clk 1:30:30]} Kd6 {[%clk 1:30:30]} 50. Kf5 {[%clk 1:30:30]}
g3 {[%clk 1:30:30]} 51. fxg3 {[%clk 1:30:30]} g4 {[%clk 1:30:30]} 52. Kxg4 {[%clk
1:30:30]} Ke5 {[%clk 1:30:30]} 53. Kh5 {[%clk 1:30:30]} Kd4 {[%clk 1:30:30]} 54.
g4 {[%clk 1:30:30]} Kxc4 {[%clk 1:30:30]} 55. g5 {[%clk 1:30:30]} Kb4 {[%clk
1:30:30]} 56. g6 {[%clk 1:30:30]} c4 {[%clk 1:30:30]} 57. g7 {[%clk 1:30:30]} c3
{[%clk 1:30:30]} 58. g8Q {[%clk 1:30:30]} c2 {[%clk 1:30:30]} 59. Qg1 {[%clk
1:30:30]} Kxa4 {[%clk 1:30:30]} 60. Qc1 {[%clk 1:30:30]} Kb3 {[%clk 1:30:30]} 61.
Kg4 {[%clk 1:30:30]} 1-0

[Event "Greek Team Championship"]
[Site "chess24.com"]
[Date "2017.07.04"]
[Round "2"]
[White "Kouta, Antonia"]
[Black "Kratimenou, Maria"]
[Result "1-0"]
[Board "7"]
[WhiteElo "1719"]
[WhiteCountry "GRE"]
[WhiteFideId "4277112"]
[WhiteEloChange "2"]
[BlackElo "1280"]
[BlackCountry "GRE"]
[BlackFideId "25821725"]
[BlackEloChange "-2"]

1. e4 {[%clk 1:30:58]} c5 {[%clk 1:30:53]} 2. Nf3 {[%clk 1:31:24]} d6 {[%clk
1:31:19]} 3. Bb5+ {[%clk 1:31:48]} Nc6 {[%clk 1:31:42]} 4. d4 {[%clk 1:29:59]}
cxd4 {[%clk 1:31:45]} 5. Qxd4 {[%clk 1:27:53]} Bd7 {[%clk 1:32:04]} 6. Bxc6
{[%clk 1:27:27]} Bxc6 {[%clk 1:32:26]} 7. c4 {[%clk 1:27:25]} e5 {[%clk 1:28:53]}
8. Qd3 {[%clk 1:27:36]} Nf6 {[%clk 1:29:00]} 9. Nc3 {[%clk 1:27:45]} Be7 {[%clk
1:28:59]} 10. O-O {[%clk 1:27:04]} h6 {[%clk 1:28:37]} 11. b3 {[%clk 1:24:11]}
O-O {[%clk 1:27:52]} 12. a4 {[%clk 1:22:00]} Qd7 {[%clk 1:24:26]} 13. h3 {[%clk
1:14:16]} Rac8 {[%clk 1:15:28]} 14. Ba3 {[%clk 1:10:41]} Rfd8 {[%clk 1:13:22]}
15. Rfd1 {[%clk 1:03:32]} Qc7 {[%clk 1:12:32]} 16. Qe3 {[%clk 0:55:30]} b6 {[%clk
1:10:49]} 17. Nb5 {[%clk 0:44:55]} Bxb5 {[%clk 1:10:03]} 18. axb5 {[%clk
0:44:32]} Qb7 {[%clk 1:08:33]} 19. Re1 {[%clk 0:42:33]} Nd7 {[%clk 1:00:26]} 20.
Red1 {[%clk 0:36:48]} Nc5 {[%clk 1:00:10]} 21. Bxc5 {[%clk 0:36:32]} Rxc5 {[%clk
0:56:42]} 22. Ne1 {[%clk 0:33:34]} Ra8 {[%clk 0:50:01]} 23. Ra6 {[%clk 0:30:52]}
Rcc8 {[%clk 0:34:50]} 24. Nc2 {[%clk 0:28:10]} Rd8 {[%clk 0:32:48]} 25. Nb4
{[%clk 0:23:37]} Rdc8 {[%clk 0:23:36]} 26. Rda1 {[%clk 0:23:18]} d5 {[%clk
0:10:03]} 27. Nc6 {[%clk 0:17:17]} d4 {[%clk 0:09:09]} 28. Qd3 {[%clk 0:15:27]}
Rxc6 {[%clk 0:08:06]} 29. bxc6 {[%clk 0:15:51]} Qxc6 {[%clk 0:08:26]} 30. Rxa7
{[%clk 0:15:28]} Rxa7 {[%clk 0:08:42]} 31. Rxa7 {[%clk 0:15:52]} Bc5 {[%clk
0:08:55]} 32. Qf3 {[%clk 0:14:46]} f6 {[%clk 0:07:53]} 33. Qh5 {[%clk 0:13:29]}
Qe6 {[%clk 0:07:32]} 34. Qg6 {[%clk 0:08:56]} Bf8 {[%clk 0:07:15]} 35. Ra8 {[%clk
0:06:16]} Qd7 {[%clk 0:05:57]} 36. Qh5 {[%clk 0:05:18]} Qf7 {[%clk 0:04:27]} 37.
Qf5 {[%clk 0:04:20]} g6 {[%clk 0:03:39]} 38. Qc8 {[%clk 0:03:34]} Kg7 {[%clk
0:03:35]} 39. Qb8 {[%clk 0:02:34]} Kg8 {[%clk 0:02:18]} 40. Ra7 {[%clk 0:32:23]}
Qe6 {[%clk 0:30:56]} 41. Qc7 {[%clk 0:32:03]} 1-0

[Event "Greek Team Championship"]
[Site "chess24.com"]
[Date "2017.07.04"]
[Round "2"]
[White "Danis, Hrisovalantis"]
[Black "Spyropoulos, Nikolaos"]
[Result "0-1"]
[Board "8"]
[WhiteElo "2029"]
[WhiteCountry "GRE"]
[WhiteFideId "4276078"]
[WhiteEloChange "-5"]
[BlackElo "2229"]
[BlackCountry "GRE"]
[BlackFideId "4298977"]
[BlackEloChange "5"]

1. e4 {[%clk 1:30:57]} e6 {[%clk 1:30:54]} 2. d3 {[%clk 1:31:14]} d5 {[%clk
1:31:19]} 3. Nd2 {[%clk 1:31:59]} Nf6 {[%clk 1:28:01]} 4. Ngf3 {[%clk 1:31:59]}
c5 {[%clk 1:28:01]} 5. g3 {[%clk 1:31:36]} Nc6 {[%clk 1:26:27]} 6. Bg2 {[%clk
1:31:44]} Be7 {[%clk 1:26:48]} 7. O-O {[%clk 1:31:50]} O-O {[%clk 1:27:12]} 8. e5
{[%clk 1:30:22]} Nd7 {[%clk 1:26:50]} 9. Re1 {[%clk 1:30:43]} b5 {[%clk 1:23:25]}
10. h4 {[%clk 1:28:50]} Nb6 {[%clk 1:09:27]} 11. Nf1 {[%clk 1:27:46]} Bb7 {[%clk
0:58:42]} 12. N1h2 {[%clk 1:26:58]} Rc8 {[%clk 0:57:19]} 13. h5 {[%clk 1:21:41]}
d4 {[%clk 0:53:45]} 14. Ng4 {[%clk 1:14:19]} c4 {[%clk 0:41:14]} 15. a3 {[%clk
1:10:16]} cxd3 {[%clk 0:29:58]} 16. Qxd3 {[%clk 0:58:43]} a6 {[%clk 0:15:42]} 17.
Re4 {[%clk 0:39:48]} Nd7 {[%clk 0:10:00]} 18. b4 {[%clk 0:28:51]} Nb6 {[%clk
0:05:23]} 19. Nxd4 {[%clk 0:18:01]} Nxd4 {[%clk 0:03:50]} 20. Rxd4 {[%clk
0:18:20]} Qc7 {[%clk 0:03:41]} 21. Bxb7 {[%clk 0:13:24]} Qxb7 {[%clk 0:04:08]}
22. Ne3 {[%clk 0:08:02]} Qc7 {[%clk 0:02:27]} 23. Qe4 {[%clk 0:07:02]} Na4 {[%clk
0:01:33]} 24. c4 {[%clk 0:05:28]} Rfd8 {[%clk 0:00:48]} 25. c5 {[%clk 0:04:11]}
a5 {[%clk 0:00:35]} 26. Rd6 {[%clk 0:03:27]} axb4 {[%clk 0:00:35]} 27. axb4
{[%clk 0:03:43]} Bxd6 {[%clk 0:00:36]} 28. exd6 {[%clk 0:04:08]} Qc6 {[%clk
0:00:46]} 29. Qxc6 {[%clk 0:04:13]} Rxc6 {[%clk 0:01:11]} 30. Nc2 {[%clk
0:03:42]} e5 {[%clk 0:00:54]} 31. h6 {[%clk 0:03:57]} gxh6 {[%clk 0:00:34]} 32.
Ne3 {[%clk 0:04:01]} f6 {[%clk 0:00:34]} 33. Nd5 {[%clk 0:03:35]} Kf7 {[%clk
0:00:35]} 34. Ne7 {[%clk 0:03:02]} Ra6 {[%clk 0:00:36]} 35. c6 {[%clk 0:02:50]}
Raa8 {[%clk 0:00:37]} 36. c7 {[%clk 0:02:44]} Re8 {[%clk 0:00:34]} 37. Be3 {[%clk
0:01:09]} Rxe7 {[%clk 0:00:48]} 38. dxe7 {[%clk 0:01:37]} Kxe7 {[%clk 0:01:12]}
39. Rc1 {[%clk 0:01:54]} Kd7 {[%clk 0:01:26]} 40. Bxh6 {[%clk 0:32:03]} Rc8
{[%clk 0:30:53]} 41. Bg7 {[%clk 0:31:18]} Rxc7 {[%clk 0:29:41]} 42. Rxc7+ {[%clk
0:31:28]} Kxc7 {[%clk 0:30:08]} 43. Bxf6 {[%clk 0:31:52]} Kd6 {[%clk 0:30:27]}
44. f3 {[%clk 0:22:31]} Nb6 {[%clk 0:22:18]} 45. Bg7 {[%clk 0:18:50]} Kd5 {[%clk
0:10:04]} 46. Kf2 {[%clk 0:14:17]} Nc4 {[%clk 0:07:09]} 47. Ke2 {[%clk 0:12:34]}
e4 {[%clk 0:01:56]} 48. f4 {[%clk 0:10:58]} h5 {[%clk 0:02:01]} 49. Bf8 {[%clk
0:10:14]} Ke6 {[%clk 0:02:12]} 50. Bc5 {[%clk 0:06:47]} Kf5 {[%clk 0:02:14]} 51.
Bf2 {[%clk 0:06:01]} Nb2 {[%clk 0:00:56]} 52. Bc5 {[%clk 0:04:47]} Nc4 {[%clk
0:01:18]} 53. Bf2 {[%clk 0:04:47]} Kf6 {[%clk 0:01:32]} 54. Bd4+ {[%clk 0:05:10]}
Ke6 {[%clk 0:01:44]} 55. Bc3 {[%clk 0:04:59]} Nd6 {[%clk 0:00:50]} 56. Bd4 {[%clk
0:02:15]} Nf5 {[%clk 0:01:08]} 57. Bf2 {[%clk 0:02:42]} Kd5 {[%clk 0:01:33]} 58.
Be1 {[%clk 0:02:54]} Kc4 {[%clk 0:01:31]} 59. Kf2 {[%clk 0:02:43]} Kd3 {[%clk
0:01:41]} 60. Kg2 {[%clk 0:02:49]} Ke2 {[%clk 0:00:47]} 61. Bc3 {[%clk 0:02:58]}
e3 {[%clk 0:00:45]} 62. Kh3 {[%clk 0:02:58]} Kf3 {[%clk 0:00:44]} 63. Be1 {[%clk
0:03:23]} e2 {[%clk 0:00:47]} 64. Kh2 {[%clk 0:03:30]} Ke3 {[%clk 0:00:35]} 65.
Kh3 {[%clk 0:03:49]} Kf3 {[%clk 0:00:43]} 66. Kh2 {[%clk 0:04:16]} Nd4 {[%clk
0:00:40]} 67. Kh3 {[%clk 0:04:37]} Nc2 {[%clk 0:00:39]} 68. f5 {[%clk 0:03:32]}
Nxe1 {[%clk 0:00:58]} 69. f6 {[%clk 0:03:59]} Ng2 {[%clk 0:01:13]} 70. f7 {[%clk
0:04:15]} Nf4+ {[%clk 0:01:13]} 0-1

[Event "Greek Team Championship"]
[Site "chess24.com"]
[Date "2017.07.04"]
[Round "2"]
[White "Goutis, Panagiotis"]
[Black "Kontis, Michail"]
[Result "1/2-1/2"]
[Board "9"]
[WhiteElo "1522"]
[WhiteCountry "GRE"]
[WhiteFideId "25801350"]
[WhiteEloChange "8"]
[BlackElo "1922"]
[BlackCountry "GRE"]
[BlackFideId "4255992"]
[BlackEloChange "-8"]

1. d4 {[%clk 1:30:59]} Nf6 {[%clk 1:30:42]} 2. c4 {[%clk 1:31:24]} e6 {[%clk
1:30:48]} 3. Nc3 {[%clk 1:31:51]} Bb4 {[%clk 1:30:58]} 4. e3 {[%clk 1:32:15]} O-O
{[%clk 1:31:12]} 5. Ne2 {[%clk 1:32:42]} d5 {[%clk 1:30:37]} 6. a3 {[%clk
1:33:07]} Be7 {[%clk 1:29:56]} 7. cxd5 {[%clk 1:33:26]} exd5 {[%clk 1:26:35]} 8.
Nf4 {[%clk 1:33:45]} c6 {[%clk 1:25:23]} 9. Bd3 {[%clk 1:34:06]} Nbd7 {[%clk
1:23:32]} 10. O-O {[%clk 1:34:22]} Re8 {[%clk 1:22:22]} 11. f3 {[%clk 1:34:03]}
Nf8 {[%clk 1:15:54]} 12. Bc2 {[%clk 1:31:58]} Ng6 {[%clk 0:57:50]} 13. e4 {[%clk
1:15:17]} Nxf4 {[%clk 0:32:23]} 14. Bxf4 {[%clk 1:15:26]} g6 {[%clk 0:26:19]} 15.
Kh1 {[%clk 0:58:31]} b5 {[%clk 0:19:17]} 16. Rc1 {[%clk 0:33:49]} a5 {[%clk
0:17:45]} 17. Bb3 {[%clk 0:26:41]} Ba6 {[%clk 0:16:05]} 18. Re1 {[%clk 0:24:39]}
Nh5 {[%clk 0:09:17]} 19. Nxd5 {[%clk 0:16:48]} cxd5 {[%clk 0:08:11]} 20. Bc7
{[%clk 0:17:07]} Qd7 {[%clk 0:07:30]} 21. Bxd5 {[%clk 0:17:14]} Bg5 {[%clk
0:02:17]} 22. Rc5 {[%clk 0:15:11]} Be7 {[%clk 0:01:51]} 23. Rc1 {[%clk 0:15:33]}
Bg5 {[%clk 0:01:12]} 24. Rc5 {[%clk 0:15:54]} Be7 {[%clk 0:00:35]} 25. Rc1 {[%clk
0:16:02]} Bg5 {[%clk 0:00:36]} 26. Rc5 {[%clk 0:15:50]} Rac8 {[%clk 0:00:35]} 27.
Bc6 {[%clk 0:13:23]} Qe7 {[%clk 0:00:45]} 28. Bxe8 {[%clk 0:10:52]} Rxc7 {[%clk
0:00:51]} 29. Re5 {[%clk 0:04:22]} Qd8 {[%clk 0:00:41]} 30. Bxb5 {[%clk 0:03:21]}
Bxb5 {[%clk 0:00:44]} 31. Rxb5 {[%clk 0:03:42]} Bf4 {[%clk 0:00:39]} 32. g3
{[%clk 0:01:35]} Nxg3+ {[%clk 0:00:35]} 33. hxg3 {[%clk 0:01:34]} Bxg3 {[%clk
0:00:54]} 34. Re2 {[%clk 0:01:37]} Bf4 {[%clk 0:00:39]} 35. Rc2 {[%clk 0:01:29]}
Qh4+ {[%clk 0:00:36]} 36. Kg1 {[%clk 0:01:20]} Rxc2 {[%clk 0:01:02]} 37. Qxc2
{[%clk 0:01:24]} Qe1+ {[%clk 0:00:38]} 38. Kg2 {[%clk 0:01:26]} Qg3+ {[%clk
0:00:39]} 39. Kf1 {[%clk 0:00:55]} Qxf3+ {[%clk 0:00:42]} 40. Qf2 {[%clk
0:30:37]} Qd3+ {[%clk 0:30:44]} 41. Qe2 {[%clk 0:30:14]} Qxd4 {[%clk 0:25:02]}
42. Rxa5 {[%clk 0:26:26]} h5 {[%clk 0:25:00]} 43. Ra6 {[%clk 0:22:16]} h4 {[%clk
0:23:43]} 44. Kg2 {[%clk 0:21:47]} Qd7 {[%clk 0:22:42]} 45. Rf6 {[%clk 0:16:14]}
h3+ {[%clk 0:21:35]} 46. Kh1 {[%clk 0:15:17]} Qc7 {[%clk 0:17:35]} 47. Qf1 {[%clk
0:12:03]} Be5 {[%clk 0:08:53]} 48. Rf2 {[%clk 0:11:19]} Qd7 {[%clk 0:07:28]} 49.
Rf3 {[%clk 0:07:41]} h2 {[%clk 0:05:42]} 50. Rf2 {[%clk 0:06:54]} g5 {[%clk
0:01:47]} 51. Rxh2 {[%clk 0:05:27]} Bxh2 {[%clk 0:01:43]} 52. Kxh2 {[%clk
0:05:47]} Qd6+ {[%clk 0:01:56]} 53. Kg2 {[%clk 0:05:07]} Qe5 {[%clk 0:01:34]} 54.
Qe2 {[%clk 0:05:00]} Kg7 {[%clk 0:01:46]} 55. a4 {[%clk 0:03:45]} f5 {[%clk
0:02:09]} 56. a5 {[%clk 0:02:30]} Qxa5 {[%clk 0:00:48]} 57. exf5 {[%clk 0:02:45]}
Qxf5 {[%clk 0:01:13]} 58. Qf3 {[%clk 0:02:08]} Qe5 {[%clk 0:00:59]} 59. Qc3
{[%clk 0:02:22]} Kf6 {[%clk 0:01:11]} 60. Qxe5+ {[%clk 0:02:41]} Kxe5 {[%clk
0:01:31]} 1/2-1/2

[Event "Greek Team Championship"]
[Site "chess24.com"]
[Date "2017.07.04"]
[Round "2"]
[White "Spyratos, Nikolaos"]
[Black "Simitzoglou, Panagiotis"]
[Result "1/2-1/2"]
[Board "10"]
[WhiteElo "1498"]
[WhiteCountry "GRE"]
[WhiteFideId "25835351"]
[WhiteEloChange "-2"]
[BlackElo "1445"]
[BlackCountry "GRE"]
[BlackFideId "4299990"]
[BlackEloChange "2"]

1. e4 {[%clk 1:30:58]} e6 {[%clk 1:30:56]} 2. d4 {[%clk 1:31:22]} d5 {[%clk
1:31:22]} 3. Nc3 {[%clk 1:31:48]} Nf6 {[%clk 1:31:47]} 4. e5 {[%clk 1:32:15]}
Nfd7 {[%clk 1:32:12]} 5. f4 {[%clk 1:32:41]} c5 {[%clk 1:32:36]} 6. Nf3 {[%clk
1:33:08]} Nc6 {[%clk 1:32:58]} 7. Be3 {[%clk 1:33:35]} Be7 {[%clk 1:32:57]} 8.
Qd2 {[%clk 1:32:55]} a6 {[%clk 1:33:14]} 9. g3 {[%clk 1:28:43]} b5 {[%clk
1:31:06]} 10. dxc5 {[%clk 1:24:55]} Bxc5 {[%clk 1:30:03]} 11. Bxc5 {[%clk
1:24:27]} Nxc5 {[%clk 1:30:28]} 12. Nd4 {[%clk 1:22:58]} Bb7 {[%clk 1:27:53]} 13.
Nxc6 {[%clk 1:18:25]} Bxc6 {[%clk 1:28:12]} 14. Bg2 {[%clk 1:18:41]} Qc7 {[%clk
1:23:56]} 15. Ne2 {[%clk 1:14:08]} Rc8 {[%clk 1:21:04]} 16. Nd4 {[%clk 1:12:06]}
Bb7 {[%clk 1:17:27]} 17. O-O {[%clk 1:08:58]} Na4 {[%clk 1:11:57]} 18. c3 {[%clk
1:07:29]} Nb6 {[%clk 1:11:14]} 19. Rae1 {[%clk 1:07:07]} Nd7 {[%clk 1:06:49]} 20.
Qe3 {[%clk 1:06:06]} Qb6 {[%clk 1:05:05]} 21. f5 {[%clk 1:05:21]} Nf8 {[%clk
1:00:25]} 22. fxe6 {[%clk 1:04:15]} Nxe6 {[%clk 1:00:24]} 23. Nf5 {[%clk
1:03:59]} Qxe3+ {[%clk 1:00:27]} 24. Rxe3 {[%clk 1:04:17]} Rc7 {[%clk 0:57:36]}
25. Nd6+ {[%clk 1:04:04]} Kf8 {[%clk 0:57:54]} 26. Nxb7 {[%clk 1:04:24]} Rxb7
{[%clk 0:58:19]} 27. Bxd5 {[%clk 1:04:38]} Re7 {[%clk 0:58:15]} 28. Ref3 {[%clk
1:03:45]} Ke8 {[%clk 0:57:46]} 29. Bc6+ {[%clk 1:03:48]} Kf8 {[%clk 0:57:40]} 30.
Rd3 {[%clk 1:01:35]} g6 {[%clk 0:55:14]} 31. Rdf3 {[%clk 1:00:24]} Kg7 {[%clk
0:54:54]} 32. Bd5 {[%clk 0:54:54]} Rd8 {[%clk 0:53:59]} 33. Bxe6 {[%clk 0:52:52]}
fxe6 {[%clk 0:52:39]} 34. Rf4 {[%clk 0:52:44]} Red7 {[%clk 0:51:14]} 35. a4
{[%clk 0:49:55]} Rb8 {[%clk 0:49:53]} 36. Rb4 {[%clk 0:46:33]} Rbb7 {[%clk
0:47:05]} 37. a5 {[%clk 0:46:04]} Rbc7 {[%clk 0:46:54]} 38. Rff4 {[%clk 0:44:18]}
Rd5 {[%clk 0:46:42]} 39. Rfe4 {[%clk 0:43:35]} Rcc5 {[%clk 0:46:03]} 40. Red4
{[%clk 1:12:57]} Kf7 {[%clk 1:14:53]} 41. Rxd5 {[%clk 1:12:36]} Rxd5 {[%clk
1:14:58]} 42. Rd4 {[%clk 1:12:26]} Ke7 {[%clk 1:14:32]} 43. Rxd5 {[%clk 1:08:30]}
exd5 {[%clk 1:14:57]} 44. Kf2 {[%clk 1:08:54]} Ke6 {[%clk 1:15:23]} 45. Ke3
{[%clk 1:09:20]} Kxe5 {[%clk 1:15:40]} 46. b3 {[%clk 1:09:34]} h6 {[%clk
1:15:15]} 47. h3 {[%clk 1:06:37]} h5 {[%clk 1:13:55]} 48. h4 {[%clk 1:00:25]} Kd6
{[%clk 1:09:14]} 49. Kf4 {[%clk 0:49:25]} Ke6 {[%clk 1:09:12]} 50. Ke3 {[%clk
0:47:08]} 1/2-1/2